Venus y Adonis (Record no. 102976)

MARC details
000 -LEADER
campo de control de longitud fija 01851nka a2200361 i 4500
001 - NÚMERO DE CONTROL
campo de control 102976
003 - IDENTIFICADOR DE NÚMERO DE CONTROL
campo de control ES-MaACL
005 - FECHA Y HORA DE LA ÚLTIMA TRANSACCIÓN
campo de control 20250823043806.0
007 - CAMPO FIJO DE DESCRIPCIÓN FÍSICA--INFORMACIÓN GENERAL
campo de control de longitud fija t|
008 - DATOS DE LONGITUD FIJA--INFORMACIÓN GENERAL
campo de control de longitud fija 051222q1797 sp f | |r||1c|spa d
100 1# - ENTRADA PRINCIPAL--NOMBRE DE PERSONA
Nombre de persona Viel, Pierre,
Fechas asociadas al nombre 1755-1810
Término indicativo de función/relación Grabador
9 (RLIN) 114577
245 10 - MENCIÓN DEL TÍTULO
Título Venus y Adonis
Medio [Material gráfico] /
Mención de responsabilidad, etc. Peint par P. Veronese ; Dess. par Ant. Martínez ; Gravé par P. Viel, ci-devant Membre de plusieurs Academies.
260 ## - PUBLICACIÓN, DISTRIBUCIÓN, ETC.
Lugar de publicación, distribución, etc. [Madrid] :
Nombre del editor, distribuidor, etc. Se hallará en la Calcografía de la Imprenta Real,
Fecha de publicación, distribución, etc. [ca. 1797]
300 ## - DESCRIPCIÓN FÍSICA
Extensión 1 estampa :
Otras características físicas grabado calcográfico ;
Dimensiones 493 x 397 mm
490 1# - MENCIÓN DE SERIE
Mención de serie Colección facticia de grabados ;
Designación de volumen o secuencia 28
RLIN 184692
500 ## - NOTA GENERAL
Nota general Inscripción: "Venus y Adonis, de Pablo Beronés: tiene siete pies y medio de alto, y siete escasos de ancho, se ha trasladado del Real Palacio al Museo de Madrid"
500 ## - NOTA GENERAL
Nota general Estampa que reproduce el cuadro de Veronés conservado en el Museo del Prado
530 ## - NOTA DISPONIBLE DE FORMULARIO FÍSICO ADICIONAL
Nota de formato físico adicional disponible Disponible en formato digital
650 #7 - PUNTO DE ACCESO ADICIONAL DE MATERIA--TÉRMINO DE MATERIA
Término de materia o nombre geográfico como elemento de entrada Venus (Divinidad romana)
Fuente del encabezamiento o término embne
9 (RLIN) 17764
650 #7 - PUNTO DE ACCESO ADICIONAL DE MATERIA--TÉRMINO DE MATERIA
Término de materia o nombre geográfico como elemento de entrada Adonis (Divinidad griega)
Fuente del encabezamiento o término embne
9 (RLIN) 9650
655 #7 - TERMINO DE INDIZACIÓN--GENERO/FORMA
Datos o término principal de género/forma Grabados calcográficos
Fuente del término tgfbne
9 (RLIN) 241761
655 #7 - TERMINO DE INDIZACIÓN--GENERO/FORMA
Datos o término principal de género/forma Grabados
Fuente del término tgfbne
9 (RLIN) 226846
655 #4 - TERMINO DE INDIZACIÓN--GENERO/FORMA
Datos o término principal de género/forma Reproducciones de obras de arte
9 (RLIN) 241931
700 0# - ENTRADA AGREGADA--NOMBRE PERSONAL
Nombre de persona Il Veronese,
Fechas asociadas al nombre 1528-1588
Término indicativo de función/relación Artista
9 (RLIN) 65165
700 0# - ENTRADA AGREGADA--NOMBRE PERSONAL
Nombre de persona Martínez, Antonio,
Fechas asociadas al nombre 1750?-1798
Término indicativo de función/relación Dibujante
9 (RLIN) 77718
710 2# - ENTRADA AGREGADA--NOMBRE DE ENTIDAD CORPORATIVA
Nombre de entidad corporativa o nombre de jurisdicción como elemento de entrada Calcografía de la Imprenta Real
Término indicativo de función/relación Editor
9 (RLIN) 241806
830 #0 - PUNTO DE ACCESO ADICIONAL DE SERIE-TÍTULO UNIFORME
Título uniforme Colección facticia de grabados ;
Designación de volumen o secuencia 28
9 (RLIN) 184692
852 4# - LOCALIZACIÓN
Ubicación ES-MaACL
Ubicación en estantería Depósito 2
Número de control de estantería GF-2(28)
856 4# - LOCALIZACIÓN Y ACCESO ELECTRÓNICOS
Identificador Uniforme de Recursos <a href="https://bdh-rd.bne.es/viewer.vm?id=0000149672&page=1">https://bdh-rd.bne.es/viewer.vm?id=0000149672&page=1</a>
Texto de enlace Versión en línea
Nota pública (Biblioteca Digital Hispánica)
856 4# - LOCALIZACIÓN Y ACCESO ELECTRÓNICOS
Identificador Uniforme de Recursos <a href="https://www.academiacolecciones.com/estampas/inventario.php?id=GR-1488">https://www.academiacolecciones.com/estampas/inventario.php?id=GR-1488</a>
Texto de enlace Versión en línea
Nota pública (Real Academia de Bellas Artes de San Fernando)
942 ## - ELEMENTOS DE ENTRADA SECUNDARIOS (KOHA)
Fuente del sistema de clasificación o colocación Clasificación decimal universal
Tipo de ítem Koha Grabado
Suprimir en OPAC No
Holdings
Estatus retirado Estado de pérdida Fuente del sistema de clasificación o colocación Estado de daño No para préstamo Colección Biblioteca de origen Biblioteca actual Ubicación en estantería Fecha de adquisición Total de préstamos Signatura topográfica completa Código de barras Visto por última vez Tipo de ítem Koha
    Clasificación decimal universal     Colección digital Biblioteca del Ateneo de Madrid Biblioteca del Ateneo de Madrid Depósito 2 17/01/2008   GF-2(28) 1107519 23/02/2023 Grabado